Zdokonaľovanie hlavných foriem odčerpávania čistého dôchodku v priemysle do štátneho rozpočtu kandidátska dizertačná práca

Gespeichert in:
Bibliographische Detailangaben
1. Verfasser: Duong, Thi Binh Mimb
Körperschaft: Vysoká škola ekonomická v Bratislave. Národohospodárska fakulta
Weitere Verfasser: Petrenka, Ján
Format: Buch
Sprache:Slowakisch
Veröffentlicht: Bratislava 1990
Tags: Tag hinzufügen
Keine Tags, Fügen Sie das erste Tag hinzu!

MARC

LEADER 00000nam a2200000 4500
001 c022132
005 20260108100916.9
041 0 |a slo 
044 |a SK 
245 1 0 |a Zdokonaľovanie hlavných foriem odčerpávania čistého dôchodku v priemysle do štátneho rozpočtu  |b kandidátska dizertačná práca  |c Duong Thi Binh Mimb ; Ved. práce Ján Petrenka 
264 1 |a Bratislava  |c 1990 
300 |a 147 s. 
100 1 |a Duong, Thi Binh Mimb 
700 1 |a Petrenka, Ján 
710 2 |a Vysoká škola ekonomická v Bratislave. Národohospodárska fakulta